000 00488 a2200169 4500
005 20250520133323.0
020 _a0-256-13899-0
082 _a658.8 VOL
100 _aVOLLMANN, T. E.
245 _aManaufacturing Planning and Control Systems.
250 _a4th Ed
260 _aNew York,
_bIrwin,
_c1997.
300 _axxv,836p.: ill.; figure
_bIndex
_c23cm.
700 _aBERRY, W. L. & WHYBARK, D. C.
856 _yAccess Online Book
_fPlanning
_dHTTP:://www.mhhe.com
942 _2ddc
_cBKS
999 _c2486
_d2486